De lo nacional a lo transfronterizo: resistencias a la estatalidad en Africa y Latinoamérica /
Furkejuvvon:
| Váldodahkki: | |
|---|---|
| Eará dahkkit: | |
| Materiálatiipa: | Texto |
| Fáddágilkorat: |
Lasit fáddágilkoriid
Eai fáddágilkorat, Lasit vuosttaš fáddágilkora!
|
MARC
| LEADER | 00000 a a2200000 04500 | ||
|---|---|---|---|
| 001 | 48665 | ||
| 003 | |||
| 040 | |||
| 100 | |a Caballero Santos, Sergio | ||
| 245 | |a De lo nacional a lo transfronterizo: |b resistencias a la estatalidad en Africa y Latinoamérica / |c Sergio Caballero Santos, Carlos Tabernero Martín | ||
| 700 | |a Tabernero Martín, Carlos | ||
| 773 | |g volumen19, número51, (2015), páginas 117-130 | ||
| 999 | |c 27282 |d 27282 | ||
